Débuts de chansons - Statistiques

Statistiques générales
  • Ce quiz a été pris 286 fois
  • Le résultat moyen est 6 sur 20
Statistiques - réponses
Paroles Titre Artiste % Correct
Ils parlent tous comme des animaux / De toutes les chattes, ça parle mal / 2018, j'sais pas s'qui t'faut / Mais je suis plus qu'un animal Balance ton quoi Angèle
87%
Je me lève / Et je te bouscule Comme d'habitude Claude François
64%
Quitte à tout prendre / Prenez mes gosses et la télé / Ma brosse à dents, mon revolver / Ma voiture, ça c'est déjà fait Ma liberté de penser Florent Pagny
58%
Quand je serais grand je serais BeeGees / Ou bien pilote de Formule 1 / En attendant je me déguise Double je Christophe Willem
47%
Hé toi / Qu'est ce que tu regardes? / T'as jamais vu une femme qui se bat La grenade Clara Luciani
45%
Derrière les barreaux / Pour quelques mots / Qu'il pensait si fort / Dehors, dehors il fait chaud Diego libre dans sa tête Michel Berger
35%
J'ai mon rhumatisme / Qui devient gênant / Ma pauvre Cécile / J'ai soixante-treize ans Quand j'étais chanteur Michel delpech
31%
Tant de fois j'ai tenté / D'aller toucher les étoiles / Que souvent en tombant / Je m'y suis fait mal Seul Garou
28%
Il suffirait simplement / Qu'il m'appelle / Qu''il m'appelle Si seulement je pouvais lui manquer Calogero
27%
Derrière tes cigarettes / De mon cœur / Tu as fait un tabac Ta marinière Hoshi
27%
Nous sommes nos propres pères / Si jeunes et pourtant si vieux Parce qu'on vient de loin Corneille
22%
Je n'ai pas peur de la route / Faudrai voir, faut qu'on y goute Le vent nous portera Noir désir
18%
Comprendrais tu ma belle / Qu'un jour, fatigué / J'aille me briser la voix / Une dernière fois L'autre finistère Les innocents
15%
A force de se voir, on ne se voyait plus / A tant vouloir y croire, on n'y croyait plus Eteins la lumière Axel Bauer
12%
Non je ne veux plus jamais travailler / Plutôt crever / Non je n'irais plus jamais au supermarché / Plutôt crever La banane Philippe Katerine
11%
On croyait savoir tout sur l'amour depuis toujours / Nos corps par cœur et nos cœurs au chaud dans le velours Sarbacane Francis Cabrel
10%
Il se lève et c'est l'heure, écrase son mégot / Dans sa tasse de café, éteint la stéréo / Éteint le lampadaire, éteint le plafonnier Idées noires Bernard Lavilliers
6%
Je n'ai pas peur des américains / Ni des cons, ni des politiciens / Mais j'ai peur de t'attraper la main Matador Mickey 3D
6%
Courir à perdre haleine / Sous les étoiles, on nous voit à peine / La nuit chasse les dilemmes Dis-moi encore que tu m'aimes Gaëtan Roussel
5%
J'ai passé tant de nuits à briller sous mille soleils / A butiner les fleurs de ma bohème Au conditionnel Matmatah
3%
Aucun quiz correspondant
Distribution des résultats
% des personnes avec chaque résultat
Percentile par nombre de réponses
Votre historique - résultats
Vous n’avez pas pris ce quiz